Online Catalogue and eLibrary

Manawa himikam janamadyaha rajya anapanath (Record no. 5050)

MARC details
000 -LEADER
fixed length control field 00449nam a2200181Ia 4500
005 - DATE AND TIME OF LATEST TRANSACTION
control field 20250623023636.0
008 - FIXED-LENGTH DATA ELEMENTS--GENERAL INFORMATION
fixed length control field 240331s9999 xx 000 0 und d
020 ## - INTERNATIONAL STANDARD BOOK NUMBER
ISBN 9555535588
082 ## - DDC Classification
Item Number - Author Mark RAJ
Class No. 323
100 ## - MAIN ENTRY--PERSONAL NAME
Personal name Rajapaksha,D.S.N
245 #0 - TITLE STATEMENT
Title Manawa himikam janamadyaha rajya anapanath
260 ## - PUBLICATION, DISTRIBUTION, ETC.
Place of publication, distribution, etc. Warakapola
Name of publisher, distributor, etc. Arya Publishers
Date of publication, distribution, etc. 2008
300 ## - PHYSICAL DESCRIPTION
Extent (e.g. Volumes, Pages etc.) 208 p .,
650 ## - SUBJECT ADDED ENTRY--TOPICAL TERM
Topical term or geographic name entry element Human Rights
650 ## - SUBJECT ADDED ENTRY--TOPICAL TERM
Topical term or geographic name entry element Media
650 ## - SUBJECT ADDED ENTRY--TOPICAL TERM
Topical term or geographic name entry element State Law
942 ## - Koha item type (Biblio)
Koha item type Books in Stacks (Lending)
Holdings
Lost status Damaged status Collection code Home library Current library Shelving location Date acquired Full call number Accession Number Item type
    Lending WERC Library WERC Library Social Science Cupboard 03/31/2024 323.4 RAJ 6309 Books in Stacks (Lending)

© WERC Library